000 02057cam a22004574i 4500
003 PE-LiUPU
005 20250731172824.0
008 150617s r 000 0 d
035 _a(Sirsi) a15040
040 _aPE-LiUPU
_bspa
_cPE-LiUPU
_erda
049 _aPRUA
082 0 4 _a261.182
_bP94
_221
110 2 _aProfesores del Instituto Social León XIII
245 1 0 _aCurso de doctrina social católica /
_cProfesores del Instituto Social León XIII.
264 1 _aMadrid :
_bCatólica,
_c1967.
300 _a966 páginas ;
_c20 cm
336 _atext
_2rdacontent
337 _aunmediated
_2rdamedia
338 _avolume
_2rdacarrier
504 _aIncluye bibliografía.
505 0 _aIntroducción a la doctrina social de la iglesia, por José María Osés. -La persona humana, por Carlos Soria, O. P. -La justicia, por Gregorio Rodríguez de Yurre. -Doctrina económica católica, por José María Solozábal. -Nociones de teoría política, por Luis Sánchez Agesta. -El trabajo, por José María Guix. -La propiedad en la doctrina social de la iglesia, por Federico Rodríguez. -La empresa, por Fernando Guerrero. -El sindicato, por Juan N. García-Nieto, S. I., y José María Díez Alegría. -Antagonísmo social y factores de solución, por Angel Berna. -Indice de materias, por Manuel Fernández.
526 _aSEG42
526 _aSEG41
526 _aSEG40
526 _aSEG39
526 _aP94
526 _aP87
526 _aP86
526 _aP85
526 _aP77
526 _aP76
526 _aP35
650 0 4 _aIGLESIA CATOLICA (DOCTRINA SOCIAL).
910 _ajck
_bjvq
_cjck
_d20150616
942 _2ddc
_cBOOK
949 _a261.182 P94
_wDEWEY
_c1
_i12682
_lCCODEBUL1
_mBUL
_p00.00
_r0
_sY
_tBOOK
_u19920716
_xTEOLOGIA
_PP35
_0COMPRA
_o.STAFF. Colección General
994 _aC0
_bPEPRU
596 _a1
999 _a261.182 P94
_wDEWEY
_c5585
_i12682
_f2021-11-12
_g5
_lCCODEBUL1
_mBUL
_r0
_sY
_tBOOK
_u2015-6-17
_xTEOLOGIA
_PP35
_0COMPRA
_o.STAFF. Colección General
_d5585
980 _81
_gALBERTO SANCHEZ Responsable de Automatización